00858ngm a2200301 4500003000400000005001600004007000500020008004100025010002000066024001100086035002000097040001300117082001500130245006200145260001900207300005100226440001900277500006800296538004900364650001900413700002200432700001800454700001700472700001700489700001800506700001700524700001500541dpl2009010704244.0DVD ||||||sp199 xxu|||||c ||| 00| 0 ng d  aDVD-001980-1982 c49.00  aDVD-001980-1982 aDPLcDPL aDVD / WELC aWelcomecA. A. Nadiadwala Presentsh[videorecording] VCD/ bBig Home Video a2 videodisc VCD; bsd., col. ;c4 3/4 in.fVCD aBig Home Video aThis title is complete with 2 discs Not to be sold individually aDolby Digital 5.1 - Hindi Subtitles: English aMotion Picture aNadiadwala, A. A. aBazmee, Anees aAkshay Kumar aKatrina Kaif aPatekar, Nana aKapoor, Anil aFeroz Khan